| 000 | 00837nam a2200229 a 4500 | ||
|---|---|---|---|
| 001 | BRCA_1685 | ||
| 005 | 20190320203515.0 | ||
| 008 | 891204s1988 ---a---###---#000-0#eng-# | ||
| 040 |
_aDLC _cDLC |
||
| 050 | 4 |
_aND2889 _b.B65 1988 |
|
| 100 | 1 |
_aBologna, Giulia _95266 |
|
| 245 | 1 | 0 |
_aIlluminated Manuscripts _bthe Book Before Gutenberg. |
| 260 |
_aLondon _bThames and Hudson _c1988 |
||
| 300 |
_a199 p. _bil. (algunas a color) _c31 cm. |
||
| 500 | _aIncluye índice alfabético y apéndices : Great Libraries and their Munuscript Treasures. List of Iluminators | ||
| 504 | _aBibliografía : p. 193 | ||
| 650 | 1 | 4 |
_aIluminación de libros y manuscritos _95267 |
| 650 | 1 | 4 |
_aPapiros medievales _95268 |
| 650 | 1 | 4 |
_aCódices medievales _xIluminación _95269 |
| 650 | 1 | 4 |
_aLibros y manuscritos medievales _xIluminación _95270 |
| 942 |
_2lcc _cB |
||
| 999 |
_c1478 _d1478 |
||